Countries Ending With S - One Minute Sprint - Statistics

General Stats
  • This quiz has been taken 111 times
  • The average score is 8 of 18
Answer Stats
country % Correct
Comoros
68%
Marshall Islands
65%
Solomon Islands
65%
Seychelles
63%
Bahamas
61%
St Kitts and Nevis
61%
Barbados
56%
St Vincent and the Grenadines
55%
Laos
45%
Maldives
45%
Netherlands
38%
Honduras
37%
Philippines
37%
Mauritius
35%
United States
34%
Belarus
30%
Cyprus
24%
United Arab Emirates
23%
No matching quizzes found
Score Distribution
Percent of People with Each Score
Percentile by Number Answered
Your Score History
You have not taken this quiz